Man in Southern Africa : The Stone Age (Record no. 591824)

MARC details
000 -LEADER
fixed length control field 00408nam a2200145Ia 4500
008 - FIXED-LENGTH DATA ELEMENTS--GENERAL INFORMATION
fixed length control field 100415s9999 xx 000 0 und d
082 ## - DEWEY DECIMAL CLASSIFICATION NUMBER
Item number 8884
Classification number 570
100 ## - MAIN ENTRY--PERSONAL NAME
Personal name Schweitzar FR
245 ## - TITLE STATEMENT
Title Man in Southern Africa : The Stone Age
260 ## - PUBLICATION, DISTRIBUTION, ETC. (IMPRINT)
Place of publication, distribution, etc CAPE TOWN
Date of publication, distribution, etc 1975
Name of publisher, distributor, etc SAM
365 ## - TRADE PRICE
Price amount 0
630 ## - SUBJECT ADDED ENTRY--UNIFORM TITLE
Uniform title Man in Southern Africa : The Stone Age
730 ## - ADDED ENTRY--UNIFORM TITLE
Uniform title Man in Southern Africa : The Stone Age
942 ## - ADDED ENTRY ELEMENTS (KOHA)
Koha item type Book
Holdings
Withdrawn status Lost status Damaged status Not for loan Home library Current library Date acquired Cost, normal purchase price Total Checkouts Full call number Barcode Date last seen Price effective from Koha item type
        Bombay Natural History Society Bombay Natural History Society 09/08/1997 0.00   570 8884 BNHS-8884 04/15/2010 04/15/2010 Book